| 000 | 01247nam a2200325 a 4500 | ||
|---|---|---|---|
| 001 | 000112049 | ||
| 003 | CHAP | ||
| 005 | 20220329144244.0 | ||
| 008 | 151201s2015 mx a |sm |||||||spa d | ||
| 010 | _a108510 | ||
| 011 | _a109482 | ||
| 040 | _cCHAP | ||
| 090 | _aTesis | ||
| 100 | 1 |
_aAcatitlán Hernández, Olivia _9130128 |
|
| 245 | 1 | 0 |
_aCuantificación del daño en la capacidad reproductiva de Simsia amplexicaulis (Cav.) Pers. causando por un agente de control natural en Chapingo, México. _h[En línea] _cpor Olivia Acatitlán hernández. |
| 260 |
_aChapingo, Méx. : _bEl autor, _c2015. |
||
| 500 | _aPara ver el contenido del material haga clic en la liga | ||
| 502 | _aTesis (Ing. Agr. Esp. en Parasitología Agrícola) -- UACH. Departamento Agrícola | ||
| 590 |
_aBATCH _b00 _c20181121 _lUCH01 _h0758 |
||
| 590 |
_aE5652GLJ _b05 _c20151201 _lUCH01 _h0855 |
||
| 590 |
_aE5652GLJ _b05 _c20151201 _lUCH01 _h0855 |
||
| 650 | 1 | 4 |
_aMalas hierbas _xControl. _970011 |
| 650 | 1 | 4 |
_aPlagas _xIdentificación. _9126573 |
| 650 | 1 | 4 |
_aSimsia amplexicaulis _xControl biológico. _9130141 |
| 856 |
_a1 _n0000007 |
||
| 856 |
_aFinding aid _uhttp://10.13.5.2/tesis/sist112049.pdf _zTeclea aquí |
||
| 901 | _aBK | ||
| 942 | _cTESIS | ||
| 942 | _n0 | ||
| 999 |
_c108510 _d108510 |
||